[Event "23rd EUR-ch"]
[Site "Vrnjacka Banja SRB"]
[Date "2023.03.11"]
[Round "9.123"]
[White "Tekeev, Zaur"]
[Black "Kristoferitsch, Daniel"]
[Result "1-0"]
[WhiteElo "2415"]
[BlackElo "2282"]
[EventDate "2023.03.03"]
[PlyCount "77"]

1.e4 e6 2.d4 d5 3.e5 c5 4.c3 Nc6 5.Nf3 Bd7 6.Be2 Nge7 7.Na3 cxd4 8.cxd4 
Nf5 9.Nc2 Be7 10.Bd2 Qb6 11.Bc3 Na5 12.Bd3 g6 13.a4 Rc8 14.O-O Nc4 15.Qb1 
a5 16.Ra2 O-O 17.Rd1 Qa7 18.Be1 Nb6 19.b3 Na8 20.Ra1 Nc7 21.Qc1 Rfe8 22.
Qd2 b6 23.g4 Ng7 24.Qe2 Red8 25.Bd2 Nce8 26.Qe3 Rc7 27.Qh6 Rdc8 28.Nce1 f6
29.exf6 Nxf6 30.h3 Rf8 31.Qe3 Bd6 32.Ne5 Be8 33.N1f3 Qa8 34.Re1 Bc6 35.
Rac1 Bb7 36.Rxc7 Bxc7 37.Qh6 Bd8 38.Ng5 Bc8 39.Bxg6 1-0

[Event "23rd EUR-ch"]
[Site "Vrnjacka Banja SRB"]
[Date "2023.03.11"]
[Round "9.124"]
[White "Neverov, Valeriy"]
[Black "Shoshin, Kirill"]
[Result "0-1"]
[WhiteElo "2414"]
[BlackElo "2278"]
[EventDate "2023.03.03"]
[PlyCount "116"]

1.d4 Nf6 2.Nf3 d5 3.c4 e6 4.Nc3 c5 5.cxd5 cxd4 6.Qxd4 exd5 7.Bg5 Be7 8.e3 
O-O 9.Rd1 Be6 10.Bd3 h6 11.Bh4 Nc6 12.Qa4 Qb6 13.Rd2 Rfd8 14.O-O Kf8 15.
Nb5 Bd7 16.Bxf6 Bxf6 17.Qf4 Ne7 18.Nbd4 Rac8 19.Rfd1 Qc7 20.Qxc7 Rxc7 21.
Bb5 Bxb5 22.Nxb5 Rc5 23.Nbd4 Ra5 24.a3 Rc8 25.g4 g6 26.Kg2 Rc4 27.h3 Nc6 
28.Rd3 Nxd4 29.Nxd4 Bxd4 30.Rxd4 Rb5 31.b4 Rxd4 32.Rxd4 a5 33.bxa5 Rxa5 
34.a4 b6 35.Kf3 Ke7 36.Rb4 Ra6 37.Ke2 Kd6 38.Rf4 Ra7 39.Kd3 Ke5 40.h4 f6 
41.Rb4 Ra6 42.Kc3 h5 43.f4+ Ke6 44.f5+ Kf7 45.fxg6+ Kxg6 46.gxh5+ Kxh5 47.
Rd4 Ra5 48.Kb4 f5 49.Rf4 Kg6 50.h5+ Kxh5 51.Rxf5+ Kg6 52.Rf8 Rc5 53.Rb8 
Rc4+ 54.Kb5 Kf5 55.Rxb6 Rc3 56.a5 Rxe3 57.a6 Ra3 58.Rb8 Rb3+ 0-1

[Event "23rd EUR-ch"]
[Site "Vrnjacka Banja SRB"]
[Date "2023.03.11"]
[Round "9.125"]
[White "Baenziger, Fabian"]
[Black "Levitan, Tal"]
[Result "1/2-1/2"]
[WhiteElo "2413"]
[BlackElo "2276"]
[EventDate "2023.03.03"]
[PlyCount "43"]

1.d4 d5 2.c4 e6 3.Nf3 Nf6 4.g3 dxc4 5.Bg2 a6 6.O-O Nc6 7.e3 Rb8 8.Qe2 b5 
9.b3 cxb3 10.Nfd2 Bb7 11.Nxb3 Nd7 12.Bb2 Nb6 13.Nc5 Bxc5 14.dxc5 Na4 15.
Bxg7 Rg8 16.Bb2 Qg5 17.Nc3 Nxb2 18.Qxb2 Qe5 19.Qc2 Nb4 20.Qb3 Bxg2 21.Kxg2
Nd5 22.Nxd5 1/2-1/2

[Event "23rd EUR-ch"]
[Site "Vrnjacka Banja SRB"]
[Date "2023.03.11"]
[Round "9.126"]
[White "Iliaguev, Nisim"]
[Black "Micic, Aleksa"]
[Result "1-0"]
[WhiteElo "2412"]
[BlackElo "2273"]
[EventDate "2023.03.03"]
[PlyCount "97"]

1.d4 Nf6 2.Nf3 d5 3.Bf4 c5 4.e3 Nc6 5.c3 Qb6 6.Qc1 Bf5 7.Nbd2 cxd4 8.Nxd4 
Nxd4 9.exd4 e6 10.a4 a6 11.a5 Qd8 12.Be2 Bd6 13.Nb3 O-O 14.O-O Qc7 15.Bxd6
Qxd6 16.Nc5 Rab8 17.b4 h6 18.Qe3 Rfe8 19.f4 Bg4 20.Bxg4 Nxg4 21.Qd3 f5 22.
b5 axb5 23.Qxb5 Nf6 24.Qb4 Ne4 25.Nxe4 Qxb4 26.Nf6+ Kf7 27.cxb4 Kxf6 28.b5
Rec8 29.Rfc1 Ra8 30.Rxc8 Rxc8 31.Kf2 Ke7 32.Ke3 Kd7 33.Kd3 Kd6 34.a6 Rb8 
35.a7 Ra8 36.b6 Kc6 37.Rb1 Re8 38.Kc3 g6 39.Rb4 g5 40.g3 gxf4 41.gxf4 Rg8 
42.Kb3 h5 43.Ka4 e5 44.fxe5 f4 45.Ka5 f3 46.Rb2 Rg1 47.Rc2+ Kd7 48.Kb5 
Rb1+ 49.Kc5 1-0

[Event "23rd EUR-ch"]
[Site "Vrnjacka Banja SRB"]
[Date "2023.03.11"]
[Round "9.127"]
[White "Tutisani, Noe"]
[Black "Dobre, Claudiu-Cristian"]
[Result "1-0"]
[WhiteElo "2411"]
[BlackElo "2271"]
[EventDate "2023.03.03"]
[PlyCount "133"]

1.e4 e5 2.Nf3 Nf6 3.Nxe5 d6 4.Nf3 Nxe4 5.Nc3 Nf6 6.d4 Be7 7.Bd3 O-O 8.h3 
Re8 9.O-O Nbd7 10.a4 a6 11.a5 d5 12.Bf4 Bb4 13.Ra4 c5 14.dxc5 Bxc3 15.bxc3
Nxc5 16.Ra2 Nfe4 17.Bxe4 dxe4 18.Nd4 Qd5 19.Ra3 Ne6 20.Be3 Bd7 21.Re1 Rac8
22.Nf5 Qxf5 23.Qxd7 Qe5 24.Qxb7 Rxc3 25.Ra4 f5 26.Qxa6 Nc5 27.Bxc5 Qxc5 
28.Qb6 Rxc2 29.Qxc5 Rxc5 30.a6 Rb5 31.Rc1 Ra8 32.Rc7 h5 33.h4 Kh7 34.a7 
Rb1+ 35.Kh2 Rb3 36.Ra5 Kg6 37.Ra6+ Kh7 38.Rf6 Ra3 39.Rxf5 R8xa7 40.Rxh5+ 
Kg8 41.Rxa7 Rxa7 42.Re5 Ra2 43.Kg3 Ra3+ 44.Kf4 Ra2 45.Ke3 Ra3+ 46.Kxe4 
Ra4+ 47.Kf5 Rxh4 48.g4 Rh2 49.f4 Kf7 50.Rb5 Ra2 51.Rb7+ Kg8 52.Rb6 Kf7 53.
Kg5 Ra5+ 54.f5 Ra4 55.Rb7+ Kg8 56.Kh5 Ra5 57.Rc7 Rb5 58.Re7 Kf8 59.Re4 Kf7
60.Rc4 g6+ 61.Kh6 gxf5 62.g5 Rb1 63.g6+ Kf6 64.Rc6+ Ke5 65.g7 f4 66.g8=Q 
Rh1+ 67.Kg7 1-0

[Event "23rd EUR-ch"]
[Site "Vrnjacka Banja SRB"]
[Date "2023.03.11"]
[Round "9.128"]
[White "David, Alexandru-Vasile"]
[Black "Savicevic, Vlatko"]
[Result "1-0"]
[WhiteElo "2410"]
[BlackElo "2268"]
[EventDate "2023.03.03"]
[PlyCount "77"]

1.d4 d5 2.c4 e6 3.Nc3 Be7 4.cxd5 exd5 5.Bf4 c6 6.e3 Bf5 7.Nge2 Nf6 8.Ng3 
Bg6 9.h4 h5 10.Bd3 Bxd3 11.Qxd3 g6 12.f3 Na6 13.O-O-O Nc7 14.e4 dxe4 15.
Ngxe4 Nfd5 16.Be5 Rh7 17.Rde1 Kf8 18.g3 a5 19.f4 f5 20.Nc5 Nb4 21.Qc4 Bxc5
22.Qxc5+ Kg8 23.Bxc7 Rxc7 24.Kb1 Kh7 25.Re6 Qf8 26.Qe5 Qg7 27.a3 Na6 28.
Qxa5 Qxd4 29.Rd1 Qg7 30.Rdd6 Rg8 31.Ne2 Re7 32.Nd4 Rxe6 33.Nxe6 Qe7 34.Qe5
Kh6 35.Ng5 Rg7 36.Ne6 Rg8 37.Qd4 Nc7 38.Nxc7 Qxc7 39.Rd7 1-0

[Event "23rd EUR-ch"]
[Site "Vrnjacka Banja SRB"]
[Date "2023.03.11"]
[Round "9.129"]
[White "Zverev, Lev"]
[Black "Han, Yichen"]
[Result "1/2-1/2"]
[WhiteElo "2267"]
[BlackElo "2405"]
[EventDate "2023.03.03"]
[PlyCount "77"]

1.e4 c5 2.Nf3 Nc6 3.d4 cxd4 4.Nxd4 Nf6 5.Nc3 e5 6.Ndb5 d6 7.Bg5 a6 8.Na3 
b5 9.Bxf6 gxf6 10.Nd5 f5 11.c3 Bg7 12.exf5 Bxf5 13.Nc2 O-O 14.Nce3 Bd7 15.
g4 e4 16.Bg2 Re8 17.Qc2 Rc8 18.O-O f5 19.Nxf5 Bxf5 20.gxf5 Nd4 21.Qd1 Nxf5
22.Bh3 Nh4 23.Kh1 Nf3 24.Bg4 Rf8 25.Bxc8 Kh8 26.Be6 Qg5 27.Rg1 Qh6 28.Rg2 
Qxe6 29.Ne3 Be5 30.Qd5 Qh3 31.Ng4 Nh4 32.Qxe4 Nxg2 33.Qxg2 Qd3 34.Rg1 Qf5 
35.Qd5 Bg7 36.Qxf5 Rxf5 37.Rf1 Rd5 38.Ne3 Rd2 39.Rd1 1/2-1/2

[Event "23rd EUR-ch"]
[Site "Vrnjacka Banja SRB"]
[Date "2023.03.11"]
[Round "9.130"]
[White "Pastar, Slaven"]
[Black "Stojanovic, Andjelija"]
[Result "1/2-1/2"]
[WhiteElo "2401"]
[BlackElo "2262"]
[EventDate "2023.03.03"]
[PlyCount "100"]

1.Nf3 d5 2.b3 Nf6 3.Bb2 e6 4.g3 Be7 5.Bg2 O-O 6.O-O c5 7.c4 Nc6 8.cxd5 
Nxd5 9.d4 cxd4 10.Nxd4 Nxd4 11.Qxd4 Bf6 12.Qd2 Nf4 13.gxf4 Qxd2 14.Nxd2 
Bxb2 15.Rad1 Rb8 16.Nc4 Bf6 17.Rd6 b6 18.Rc1 Ba6 19.Rd7 Bxc4 20.Rxc4 a5 
21.Ra7 Rbc8 22.Bc6 Rfd8 23.e3 Rd6 24.Bd7 Rd8 25.Rcc7 Rd2 26.Bb5 Rxa2 27.
Rxf7 Rdd2 28.Rfc7 h5 29.Bc6 Rac2 30.Bd7 Rxc7 31.Bxe6+ Kh7 32.Rxc7 Bh4 33.
Bf5+ Kg8 34.Kg2 Rxf2+ 35.Kh3 Bd8 36.Rd7 Bf6 37.Kg3 Rb2 38.Be6+ Kf8 39.h3 
b5 40.e4 a4 41.bxa4 bxa4 42.e5 Be7 43.Ra7 Rd2 44.Rxa4 Rd3+ 45.Kg2 g6 46.
Ra8+ Rd8 47.Ra6 Rd3 48.Rc6 Bh4 49.Rc4 Bg3 50.Rc7 h4 1/2-1/2

[Event "23rd EUR-ch"]
[Site "Vrnjacka Banja SRB"]
[Date "2023.03.11"]
[Round "9.131"]
[White "Ozsakallioglu, Okan"]
[Black "Ibadov, Dashgyn"]
[Result "1/2-1/2"]
[WhiteElo "2264"]
[BlackElo "2398"]
[EventDate "2023.03.03"]
[PlyCount "56"]

1.e4 c5 2.Nf3 Nc6 3.Bb5 e5 4.O-O Bd6 5.d4 Nxd4 6.Bc4 h6 7.c3 Nxf3+ 8.Qxf3 
Qf6 9.Qg3 Ne7 10.f4 O-O 11.f5 Bb8 12.Be3 d5 13.Bxd5 Nxd5 14.exd5 Bxf5 15.
Qf2 Bg6 16.Qxf6 gxf6 17.Bxc5 Rd8 18.c4 b5 19.Nc3 bxc4 20.Rxf6 Bc7 21.Re1 
Rd7 22.Rc6 Re8 23.Bxa7 Ba5 24.Bd4 exd4 25.Rxe8+ Kg7 26.Ne4 d3 27.Nf6 Rd8 
28.Kf2 d2 1/2-1/2

[Event "23rd EUR-ch"]
[Site "Vrnjacka Banja SRB"]
[Date "2023.03.11"]
[Round "9.132"]
[White "Peyrer, Konstantin"]
[Black "Parligras, Cosmin"]
[Result "1-0"]
[WhiteElo "2395"]
[BlackElo "2260"]
[EventDate "2023.03.03"]
[PlyCount "101"]

1.Nf3 d5 2.g3 Nf6 3.Bg2 g6 4.O-O Bg7 5.d4 O-O 6.c3 b6 7.a4 a5 8.Bf4 Bb7 9.
Na3 e6 10.Rc1 Na6 11.Be5 Qe7 12.e3 Rfd8 13.Nd2 Rac8 14.Qe2 c6 15.e4 Nb8 
16.Rfe1 Ba6 17.Qd1 Nxe4 18.Bxg7 Nxd2 19.Bh6 Nc4 20.Nxc4 Bxc4 21.h4 Re8 22.
h5 Nd7 23.Bh3 Qf6 24.Bf4 c5 25.Kg2 cxd4 26.cxd4 Ba6 27.Rxc8 Rxc8 28.Be3 
Qg7 29.h6 Qf8 30.Bg5 Rc6 31.b3 Qb4 32.Re3 Rc3 33.Rxe6 fxe6 34.Bxe6+ Kf8 
35.Bxd7 Rd3 36.Qc1 Qd6 37.Bc8 Rd1 38.Qxd1 Bxc8 39.Qc1 Bf5 40.f3 Bd7 41.Bf4
Qc6 42.Qd2 Ke8 43.g4 Kd8 44.Kg3 Kc8 45.Be5 Kb7 46.Kh4 Qe6 47.Qg5 b5 48.Qd8
bxa4 49.bxa4 Bxa4 50.Qc7+ Ka6 51.Qxh7 1-0

[Event "23rd EUR-ch"]
[Site "Vrnjacka Banja SRB"]
[Date "2023.03.11"]
[Round "9.133"]
[White "Pacher, Milan"]
[Black "Todorovic, Bojan"]
[Result "1-0"]
[WhiteElo "2392"]
[BlackElo "2249"]
[EventDate "2023.03.03"]
[PlyCount "53"]

1.d4 Nf6 2.c4 g6 3.Nc3 c5 4.d5 Bg7 5.e4 d6 6.h3 O-O 7.Nf3 e6 8.Be2 exd5 9.
exd5 Bf5 10.g4 Be4 11.g5 Bxf3 12.Bxf3 Nfd7 13.h4 Re8+ 14.Kf1 Nb6 15.h5 
Nxc4 16.hxg6 hxg6 17.Ne4 Nd7 18.Bg2 Nxb2 19.Bxb2 Bxb2 20.Rb1 Rxe4 21.Bxe4 
Bg7 22.Rxb7 Ne5 23.f4 Qc8 24.Rb3 Qa6+ 25.Qe2 Qxe2+ 26.Kxe2 Nc4 27.Rd1 1-0

[Event "23rd EUR-ch"]
[Site "Vrnjacka Banja SRB"]
[Date "2023.03.11"]
[Round "9.134"]
[White "Arsovic, Zoran"]
[Black "Sgircea, Silvia-Raluca"]
[Result "1-0"]
[WhiteElo "2390"]
[BlackElo "2214"]
[EventDate "2023.03.03"]
[PlyCount "125"]

1.Nf3 c5 2.c4 g6 3.d4 cxd4 4.Nxd4 Nc6 5.e4 Bg7 6.Be3 Nf6 7.Nc3 d6 8.Be2 
O-O 9.O-O Bd7 10.Qd2 Nxd4 11.Bxd4 Bc6 12.f3 a5 13.b3 Nd7 14.Be3 Nc5 15.
Rac1 Be5 16.Nb5 Qb6 17.Rfd1 Rfc8 18.Bf1 Qd8 19.Qf2 Qf8 20.Nd4 Bd7 21.g3 b6
22.Bg2 Ra7 23.Qd2 h5 24.Nb5 Bxb5 25.cxb5 Kh7 26.Bh3 Rb8 27.Qe2 Bg7 28.Rc4 
Qe8 29.Rc2 Bf6 30.Rd5 Qf8 31.Rd1 Raa8 32.Bf2 Rd8 33.a3 Qg7 34.Qc4 Bb2 35.
b4 axb4 36.axb4 Na4 37.Qb3 Bf6 38.Rd3 Nb2 39.Rdd2 Ra1+ 40.Kg2 Na4 41.Rc7 
Ra8 42.f4 Qf8 43.Re2 Kg8 44.e5 dxe5 45.fxe5 Bg5 46.Rec2 Rd1 47.Ra2 Qd8 48.
Rxa4 Rxa4 49.Rc8 Qxc8 50.Bxc8 Raa1 51.h4 Bh6 52.Kf3 Rd2 53.Bh3 Bg7 54.Bxb6
Bxe5 55.Qe3 Rd5 56.Bc5 Rad1 57.Ke2 Ra1 58.Qb3 Rd8 59.b6 Re8 60.Be6 fxe6 
61.Qxe6+ Kh7 62.Qxe5 Rea8 63.Kd3 1-0

[Event "23rd EUR-ch"]
[Site "Vrnjacka Banja SRB"]
[Date "2023.03.11"]
[Round "9.135"]
[White "Toktomushev, Teimur"]
[Black "Makridis, Dimitrios"]
[Result "1/2-1/2"]
[WhiteElo "2255"]
[BlackElo "2387"]
[EventDate "2023.03.03"]
[PlyCount "84"]

1.d4 Nf6 2.c4 e6 3.Nf3 d5 4.Nc3 h6 5.Bf4 Bd6 6.Bxd6 Qxd6 7.e3 O-O 8.Rc1 
Qe7 9.Qc2 Nbd7 10.cxd5 exd5 11.Bd3 c6 12.O-O Re8 13.Nd2 Nf8 14.Rfe1 Ne6 
15.f3 b6 16.Nf1 c5 17.Qf2 Bb7 18.Ng3 g6 19.f4 cxd4 20.exd4 Qb4 21.Nce2 Ng4
22.Qf3 h5 23.a3 Qxb2 24.Rb1 Qxa3 25.Bb5 Qxf3 26.gxf3 Ne3 27.Bxe8 Rxe8 28.
Kf2 Nc4 29.f5 Nc7 30.fxg6 fxg6 31.Nf4 Kf7 32.Rxe8 Nxe8 33.Nge2 a5 34.Nc3 
Nc7 35.Rg1 b5 36.Rxg6 b4 37.Na4 Ke7 38.Nc5 Bc8 39.Rg7+ Kd6 40.Rg6+ Ke7 41.
Rg7+ Kd6 42.Rg6+ Ke7 1/2-1/2

[Event "23rd EUR-ch"]
[Site "Vrnjacka Banja SRB"]
[Date "2023.03.11"]
[Round "9.136"]
[White "Megalios, Konstantinos"]
[Black "Ozdemir, Serhan Berat"]
[Result "1/2-1/2"]
[WhiteElo "2382"]
[BlackElo "2200"]
[EventDate "2023.03.03"]
[PlyCount "82"]

1.d4 Nf6 2.c4 e6 3.Nc3 Bb4 4.a3 Bxc3+ 5.bxc3 c5 6.f3 O-O 7.e4 d6 8.Bd3 Nc6
9.Ne2 e5 10.d5 Ne7 11.g4 Nd7 12.h4 Nb6 13.Ra2 Qe8 14.a4 a5 15.Rb2 Ra6 16.
Rb5 Bd7 17.h5 Bxb5 18.cxb5 Ra8 19.c4 Qd7 20.Ng3 f6 21.Qc2 Rf7 22.Bf1 Qc7 
23.Bh3 Raf8 24.Ne2 Re8 25.f4 Nd7 26.g5 fxg5 27.fxg5 Nf8 28.Bg4 Nc8 29.Ng1 
Qe7 30.Nf3 Nb6 31.Kf2 Rf4 32.Bxf4 exf4 33.Re1 Nbd7 34.Qc3 b6 35.Bh3 Ne5 
36.Nxe5 Qxe5 37.Qxe5 Rxe5 38.Kf3 Rxg5 39.Bg4 Re5 40.Kxf4 h6 41.Bf5 Kf7 
1/2-1/2

[Event "23rd EUR-ch"]
[Site "Vrnjacka Banja SRB"]
[Date "2023.03.11"]
[Round "9.137"]
[White "Bouska, Jiri"]
[Black "Leisch, Lukas"]
[Result "1/2-1/2"]
[WhiteElo "2257"]
[BlackElo "2378"]
[EventDate "2023.03.03"]
[PlyCount "66"]

1.e4 c5 2.Nf3 d6 3.d4 cxd4 4.Nxd4 Nf6 5.Nc3 e6 6.Bc4 Be7 7.Be3 a6 8.Bb3 
Nc6 9.Qe2 Qc7 10.O-O-O b5 11.Nxc6 Qxc6 12.Bd4 Bd7 13.Bxf6 gxf6 14.Rhe1 Rc8
15.f4 a5 16.a4 bxa4 17.Bxa4 Qc4 18.Qxc4 Rxc4 19.Bb5 Rb4 20.Bxd7+ Kxd7 21.
b3 Rg8 22.Re2 f5 23.exf5 Rxf4 24.fxe6+ fxe6 25.Na4 Bg5 26.Kb1 Ke7 27.Nb6 
Rf5 28.Rde1 Rg6 29.Nc8+ Kd7 30.Nb6+ Ke7 31.Nc8+ Kd7 32.Nb6+ Ke7 33.Nc8+ 
Kd7 1/2-1/2

[Event "23rd EUR-ch"]
[Site "Vrnjacka Banja SRB"]
[Date "2023.03.11"]
[Round "9.138"]
[White "Pasti, Aron"]
[Black "Farkas, Sandor"]
[Result "1-0"]
[WhiteElo "2378"]
[BlackElo "2064"]
[EventDate "2023.03.03"]
[PlyCount "72"]

1.e4 c5 2.Nf3 d6 3.d4 cxd4 4.Nxd4 Nf6 5.Nc3 Bd7 6.Bg5 e6 7.Qd2 h6 8.Bh4 
Nxe4 9.Qf4 Nf6 10.O-O-O Be7 11.Bxf6 Bxf6 12.Qxd6 Qe7 13.Ncb5 Na6 14.Nb3 
Qxd6 15.Nxd6+ Ke7 16.Nxb7 Nb4 17.N7c5 Bc6 18.c3 Nd5 19.Be2 Nb6 20.Bf3 Bxf3
21.gxf3 a5 22.a4 Bg5+ 23.Kc2 Rac8 24.Rd4 Bf6 25.Re4 g5 26.Rhe1 Rc6 27.Nd3 
Rhc8 28.Nd4 Bxd4 29.Rxd4 Kf6 30.Ne5 Rc5 31.f4 Rd5 32.Rde4 Rc7 33.Ng4+ Kg6 
34.Ne3 Rd6 35.fxg5 hxg5 36.Rd4 Rcd7 1-0

[Event "23rd EUR-ch"]
[Site "Vrnjacka Banja SRB"]
[Date "2023.03.11"]
[Round "9.139"]
[White "Yonal, Timur"]
[Black "Bournel, Antoine"]
[Result "0-1"]
[WhiteElo "1859"]
[BlackElo "2377"]
[EventDate "2023.03.03"]
[PlyCount "55"]

1.e4 c5 2.Ne2 Nf6 3.Nbc3 d5 4.exd5 Nxd5 5.Nxd5 Qxd5 6.Nc3 Qd8 7.Bc4 Nc6 8.
d3 e6 9.Bf4 Be7 10.O-O O-O 11.Re1 Nd4 12.a4 b6 13.Nb5 Bb7 14.c3 Nf5 15.a5 
Nd6 16.Nxd6 Bxd6 17.Bxd6 Qxd6 18.Qb3 Rfd8 19.f3 Kf8 20.Ra2 Rab8 21.axb6 
axb6 22.Bb5 Bd5 23.c4 Bb7 24.Rd1 Qd4+ 25.Kf1 Qf4 26.Kg1 Qe3+ 27.Kf1 Bxf3 
28.Re1 0-1

[Event "23rd EUR-ch"]
[Site "Vrnjacka Banja SRB"]
[Date "2023.03.11"]
[Round "9.140"]
[White "Uskov, Artem"]
[Black "Alexakis, Dimitrios"]
[Result "1-0"]
[WhiteElo "2373"]
[BlackElo "2024"]
[EventDate "2023.03.03"]
[PlyCount "29"]

1.e4 c5 2.Nf3 d6 3.c3 Nf6 4.Be2 Nc6 5.d4 cxd4 6.cxd4 e6 7.Nc3 Be7 8.O-O 
O-O 9.a3 a6 10.Qc2 Qc7 11.Rd1 Bd7 12.Bg5 h6 13.Bh4 g5 14.Bg3 Nh5 15.d5 1-0

[Event "23rd EUR-ch"]
[Site "Vrnjacka Banja SRB"]
[Date "2023.03.11"]
[Round "9.141"]
[White "Zadravec, Matija"]
[Black "Secheres, Adrian-Simion"]
[Result "0-1"]
[WhiteElo "2248"]
[BlackElo "2369"]
[EventDate "2023.03.03"]
[PlyCount "50"]

1.e4 e5 2.Nf3 Nc6 3.d4 exd4 4.Bc4 Nf6 5.O-O d6 6.Nxd4 Nxd4 7.Qxd4 Be7 8.
Nc3 O-O 9.Bf4 Nd7 10.Nd5 Nb6 11.Nxb6 axb6 12.Rad1 Bg4 13.Rd2 Bf6 14.Qd3 
Qe7 15.h3 Be6 16.c3 Ra4 17.Bxe6 Qxe6 18.Re1 Rxa2 19.Qg3 Re8 20.e5 dxe5 21.
Bxe5 Ra5 22.Bxf6 Qxe1+ 23.Kh2 g6 24.Rd7 Qe6 25.Qh4 Qxd7 0-1

[Event "23rd EUR-ch"]
[Site "Vrnjacka Banja SRB"]
[Date "2023.03.11"]
[Round "9.143"]
[White "Eric, Jovana"]
[Black "Janzelj, Tim"]
[Result "0-1"]
[WhiteElo "2230"]
[BlackElo "2472"]
[EventDate "2023.03.03"]
[PlyCount "116"]

1.e4 c6 2.d4 d5 3.e5 Bf5 4.Nf3 e6 5.Be2 c5 6.c3 Nc6 7.O-O cxd4 8.Nxd4 Nge7
9.Qa4 Qd7 10.Bb5 Rc8 11.Be3 Bxb1 12.Raxb1 a6 13.Bxc6 Nxc6 14.Nxc6 Qxc6 15.
Qg4 Qc4 16.f4 g6 17.a3 Be7 18.Rbd1 Qe4 19.Rfe1 h5 20.Qe2 Rc4 21.Qf2 Qf5 
22.Rd4 Rxd4 23.Bxd4 O-O 24.h3 Rc8 25.a4 Rc4 26.b3 Rc8 27.Rf1 Qd3 28.Qf3 
Qc2 29.Qd1 Qe4 30.Qf3 Qxf3 31.Rxf3 b5 32.axb5 axb5 33.b4 h4 34.Rf1 Ra8 35.
Kf2 Ra3 36.Re1 Kg7 37.Re2 g5 38.fxg5 Kg6 39.Rb2 Bxg5 40.g3 Kf5 41.gxh4 
Bxh4+ 42.Ke3 Ra1 43.Rg2 Rh1 44.Rg7 Rxh3+ 45.Kd2 Rh2+ 46.Kd3 f6 47.exf6 e5 
48.Bg1 e4+ 49.Ke3 Rh3+ 50.Ke2 Bxf6 51.Rb7 Bxc3 52.Rxb5 Ke6 53.Rb6+ Ke5 54.
Rb5 Bd4 55.Bxd4+ Kxd4 56.Rb8 Rh7 57.Ke1 Ke3 58.Kf1 d4 0-1

[Event "23rd EUR-ch"]
[Site "Vrnjacka Banja SRB"]
[Date "2023.03.11"]
[Round "9.145"]
[White "Nadj Hedjesi, Balind"]
[Black "Braun, Christian"]
[Result "1-0"]
[WhiteElo "2223"]
[BlackElo "2449"]
[EventDate "2023.03.03"]
[PlyCount "95"]

1.e4 e6 2.d4 d5 3.Nc3 Nf6 4.exd5 exd5 5.Bg5 Be7 6.Qd2 h6 7.Bf4 c6 8.Bd3 
Nbd7 9.O-O-O Nf8 10.f3 Ne6 11.Be3 a5 12.g4 a4 13.a3 Qa5 14.Nge2 Bd7 15.h4 
O-O-O 16.Kb1 Ne8 17.f4 N6c7 18.f5 Nd6 19.Nf4 Kb8 20.Nh5 g6 21.Ng3 b5 22.
Bxh6 Qb6 23.Bf4 gxf5 24.Bxd6 Bxd6 25.Nxf5 Bf8 26.Na2 Ne6 27.Nb4 Bc8 28.Qe2
f6 29.c3 Kb7 30.Qf3 Nc7 31.Rde1 c5 32.dxc5 Bxc5 33.h5 Ka7 34.Nd4 Bb7 35.
Qf4 Ka8 36.h6 Rde8 37.Rh5 Bd6 38.Qf1 Be5 39.Nxb5 Nxb5 40.Bxb5 d4 41.c4 d3 
42.Nxd3 Qd4 43.Qe2 Bg3 44.Rd1 Be4 45.Ka2 f5 46.gxf5 Be5 47.Nxe5 Qxe5 48.
Re1 1-0

[Event "23rd EUR-ch"]
[Site "Vrnjacka Banja SRB"]
[Date "2023.03.11"]
[Round "9.146"]
[White "Rabrenovic, Vladan"]
[Black "Pap, Misa"]
[Result "0-1"]
[WhiteElo "2223"]
[BlackElo "2403"]
[EventDate "2023.03.03"]
[PlyCount "40"]

1.d4 Nf6 2.c4 e6 3.Nc3 Bb4 4.g3 O-O 5.Bg2 d5 6.cxd5 exd5 7.Nf3 c6 8.O-O 
Nbd7 9.Ne1 Re8 10.Nd3 Bxc3 11.bxc3 Ne4 12.Qb3 Qb6 13.Qa3 Qb5 14.f3 Nef6 
15.Re1 Nb6 16.Qb4 Na4 17.Bg5 Bf5 18.Nf4 Qxb4 19.cxb4 Nd7 20.e4 b6 0-1

[Event "23rd EUR-ch"]
[Site "Vrnjacka Banja SRB"]
[Date "2023.03.11"]
[Round "9.147"]
[White "Sahin, Ozgun"]
[Black "Zawadzka, Jolanta"]
[Result "0-1"]
[WhiteElo "2177"]
[BlackElo "2391"]
[EventDate "2023.03.03"]
[PlyCount "80"]

1.e4 c5 2.Nc3 Nc6 3.Bb5 Nd4 4.Bc4 a6 5.a4 e6 6.Nge2 Nf6 7.O-O d5 8.exd5 
exd5 9.Ba2 Bd6 10.d3 Ne6 11.f4 Nc7 12.a5 O-O 13.Na4 Re8 14.h3 Bd7 15.Nb6 
Rb8 16.Ng3 Bc6 17.c3 Na8 18.Nxa8 Rxa8 19.Bd2 Bc7 20.b4 d4 21.Nh5 g6 22.
Nxf6+ Qxf6 23.Rc1 Qf5 24.Bc4 dxc3 25.Bxc3 cxb4 26.Bxb4 Bxa5 27.Bxa5 Qxa5 
28.f5 Re7 29.fxg6 hxg6 30.Qb3 Rf8 31.d4 Be4 32.Rf2 b5 33.Be2 Qd8 34.Rd1 
Bd5 35.Qg3 Rfe8 36.Bd3 Re3 37.Qf4 Qe7 38.h4 Re1+ 39.Rxe1 Qxe1+ 40.Kh2 Re4 
0-1

[Event "23rd EUR-ch"]
[Site "Vrnjacka Banja SRB"]
[Date "2023.03.11"]
[Round "9.148"]
[White "Arsovic, Goran"]
[Black "Pajcin, Lav"]
[Result "0-1"]
[WhiteElo "2379"]
[BlackElo "2221"]
[EventDate "2023.03.03"]
[PlyCount "128"]

1.d4 Nf6 2.Nf3 g6 3.g3 Bg7 4.Bg2 O-O 5.O-O d6 6.Re1 Ne4 7.c3 Nd7 8.Qc2 
Ndf6 9.h3 c6 10.Nbd2 d5 11.Nxe4 Nxe4 12.Bf4 Qb6 13.Qb3 h6 14.Be5 f6 15.Bf4
g5 16.Bc1 e5 17.Be3 Qxb3 18.axb3 exd4 19.Nxd4 f5 20.Nc2 a6 21.Bd4 Bd7 22.
Rad1 Bxd4 23.Rxd4 Be6 24.Rdd1 Rad8 25.Nd4 Bc8 26.b4 Kf7 27.e3 Rfe8 28.Bf1 
f4 29.exf4 gxf4 30.g4 h5 31.f3 Ng3 32.Ne2 Nxe2+ 33.Rxe2 Rxe2 34.Bxe2 Kf6 
35.Kf2 Rh8 36.Bf1 Re8 37.Bg2 Kg5 38.h4+ Kxh4 39.Rh1+ Kg5 40.Rxh5+ Kg6 41.
Bf1 Re3 42.Rh8 Be6 43.Rd8 Kf6 44.Be2 Ke7 45.Rb8 b5 46.Rb6 Kd7 47.Rxa6 d4 
48.cxd4 Rb3 49.g5 Rxb2 50.Ke1 Rxb4 51.Ra7+ Kd6 52.g6 Ra4 53.Rb7 Rxd4 54.g7
Rd5 55.Bd1 Rg5 56.Bc2 Bd7 57.Kd2 Rxg7 58.Be4 Rg5 59.Kd3 Re5 60.Rb8 Re8 61.
Rb7 Rf8 62.Rb6 Kc7 63.Ra6 Kb7 64.Ra1 Bf5 0-1

[Event "23rd EUR-ch"]
[Site "Vrnjacka Banja SRB"]
[Date "2023.03.11"]
[Round "9.149"]
[White "Nyysti, Sampsa"]
[Black "Mitrovic, Marjan"]
[Result "0-1"]
[WhiteElo "2345"]
[BlackElo "2208"]
[EventDate "2023.03.03"]
[PlyCount "60"]

1.e4 e6 2.d4 d5 3.Nc3 Nf6 4.Bg5 Be7 5.e5 Nfd7 6.h4 h6 7.Bxe7 Qxe7 8.f4 a6 
9.Nf3 c5 10.Qd2 Nc6 11.dxc5 Nxc5 12.O-O-O b5 13.Bd3 Bb7 14.Kb1 O-O-O 15.
Ne2 d4 16.Ng3 Rd7 17.Rhe1 Kb8 18.h5 Rc8 19.Ne4 Nxe4 20.Rxe4 Rcd8 21.a3 Qc5
22.Re2 b4 23.a4 Ne7 24.Be4 Bxe4 25.Rxe4 Nd5 26.Qd3 Nc3+ 27.bxc3 bxc3 28.
Ka2 Rb7 29.Rb1 Rxb1 30.Kxb1 Qa3 0-1

[Event "23rd EUR-ch"]
[Site "Vrnjacka Banja SRB"]
[Date "2023.03.11"]
[Round "9.150"]
[White "Angun, Batu"]
[Black "Sahakian, Aleks"]
[Result "1/2-1/2"]
[WhiteElo "2206"]
[BlackElo "2343"]
[EventDate "2023.03.03"]
[PlyCount "27"]

1.d4 Nf6 2.c4 e6 3.Nf3 Bb4+ 4.Bd2 Qe7 5.a3 Bxd2+ 6.Nbxd2 d6 7.e4 e5 8.d5 
O-O 9.g3 a5 10.b4 axb4 11.axb4 Rxa1 12.Qxa1 Na6 13.Qc3 c5 14.Be2 1/2-1/2

[Event "23rd EUR-ch"]
[Site "Vrnjacka Banja SRB"]
[Date "2023.03.11"]
[Round "9.151"]
[White "Van Foreest, Machteld"]
[Black "Pogorelsky, Sergei"]
[Result "1-0"]
[WhiteElo "2341"]
[BlackElo "2203"]
[EventDate "2023.03.03"]
[PlyCount "63"]

1.d4 d5 2.c4 e6 3.e3 Nf6 4.Nc3 Nbd7 5.Nf3 b6 6.Bd3 Bb7 7.O-O Ne4 8.Qc2 f5 
9.cxd5 exd5 10.Ne5 Bd6 11.Nxd7 Qxd7 12.f3 Nxc3 13.Bxf5 Ne2+ 14.Kf2 Qe7 15.
Kxe2 Qg5 16.e4 Qxg2+ 17.Rf2 Qg1 18.e5 O-O 19.Bxh7+ Kh8 20.Rb1 Rae8 21.Be3 
Ba6+ 22.Bd3 Qg6 23.exd6 c5 24.Kd2 Qe6 25.Bg5 c4 26.Bg6 Rc8 27.f4 c3+ 28.
bxc3 Rxc3 29.Qxc3 Qxg6 30.Re1 Rc8 31.Qh3+ Kg8 32.Qe6+ 1-0

[Event "23rd EUR-ch"]
[Site "Vrnjacka Banja SRB"]
[Date "2023.03.11"]
[Round "9.152"]
[White "Yordanov, Lachezar"]
[Black "Starcevic, Ante Leon"]
[Result "0-1"]
[WhiteElo "2335"]
[BlackElo "2202"]
[EventDate "2023.03.03"]
[PlyCount "96"]

1.c4 Nf6 2.g3 c6 3.Bg2 d5 4.Nf3 g6 5.b3 Bg7 6.Bb2 O-O 7.O-O dxc4 8.bxc4 c5
9.d3 Nc6 10.Nbd2 Qc7 11.Nb3 b6 12.e3 Ba6 13.Qe2 e5 14.Ng5 Rad8 15.a4 Nb4 
16.Nc1 h6 17.Ne4 Nxe4 18.Bxe4 f5 19.Bg2 Nxd3 20.Bd5+ Rxd5 21.cxd5 Nb4 22.
Qd1 Bxf1 23.Qxf1 Nxd5 24.Qc4 Qf7 25.Nd3 Re8 26.Ne1 Nc7 27.Qc2 Rd8 28.a5 
Qd5 29.axb6 axb6 30.Ra7 Rd7 31.Qa4 b5 32.Qa5 Qc6 33.h4 b4 34.Ng2 Kh7 35.
Kh2 b3 36.Ba1 g5 37.Bb2 Kg6 38.Ba1 Bf6 39.e4 f4 40.gxf4 gxf4 41.f3 Kh5 42.
Bb2 Rg7 43.Bc1 c4 44.Qe1 Rg3 45.Ra5 Nb5 46.Qf1 Qd7 47.Kg1 Bd8 48.Ra6 c3 
0-1

[Event "23rd EUR-ch"]
[Site "Vrnjacka Banja SRB"]
[Date "2023.03.11"]
[Round "9.153"]
[White "Ciorgovean, Iustin"]
[Black "Levitan, Ronit"]
[Result "1/2-1/2"]
[WhiteElo "2325"]
[BlackElo "2185"]
[EventDate "2023.03.03"]
[PlyCount "63"]

1.c4 e6 2.g3 d5 3.Bg2 dxc4 4.Qa4+ Nd7 5.Qxc4 a6 6.Qc2 Rb8 7.Nf3 b5 8.Nd4 
Ne7 9.b4 Bb7 10.Bxb7 Rxb7 11.Nb3 Nd5 12.a3 c5 13.Nxc5 Nxc5 14.bxc5 Bxc5 
15.O-O Rc7 16.Qb3 O-O 17.Bb2 Qg5 18.Nc3 Nxc3 19.Bxc3 h5 20.Bb4 Bxb4 21.
axb4 Qxd2 22.Ra2 Qc3 23.Qxc3 Rxc3 24.Rxa6 Rb3 25.Rd1 Rxb4 26.Rd7 h4 27.Kg2
g6 28.Rb6 Rb2 29.Kf3 hxg3 30.hxg3 Rc8 31.Rbb7 Rf8 32.Rb6 1/2-1/2